00333nam a22001337a 450000500170000000800410001704100130005808200130007110000120008424500450009626000090014130000240015065000250017420240910081229.0240827b |||||||| |||| 00| 0 eng d aEnglish  a349 LAW  lEnglish aThe Laws of the Republic of Namibia 2002 c2002 b97 pages; c25 cm.  aLegal practice bLaw